000 00454nam a2200181Ia 4500
001 9249
005 20260306160709.0
008 260306t1956||||xx |||||||||||||| ||spa||
041 _aESP
082 _a378.0094
_bD57
100 _aDenifle, Heinrich
_eAUT
245 0 _aDie entstehung der universitäten des mittelalters bis 1400
260 _c1956
300 _a814 páginas :
_c21 cm.
650 _aGEN
654 _aCED
942 _cLIB
_dJUS
_fJUS
_2ddc
_n
999 _c9249
_d9249